[Event "FIDE World Cup"]
[Site "Khanty-Mansiysk"]
[Date "2005.11.27"]
[Round "1.1"]
[White "Flores, Diego"]
[Black "Radjabov, Teimour"]
[Result "0-1"]
[WhiteElo "2479"]
[BlackElo "2704"]
[Annotator "Ribli,Z"]
[PlyCount "98"]
[EventDate "2005.11.27"]
[EventType "k.o."]
[EventRounds "7"]
[EventCountry "RUS"]
[SourceTitle "CBM 111"]
[Source "ChessBase"]
[SourceDate "2006.04.04"]
[SourceVersion "1"]
[SourceVersionDate "2006.04.04"]
[SourceQuality "1"]

1. c4 g6 2. Nc3 Bg7 3. g3 e5 4. Bg2 d6 5. d3 Nc6 6. e4 h5 7. h3 Be6 (7... h4 8.
g4 Be6 (8... Nd4 9. Nge2 Ne6 10. f4 exf4 11. Nxf4 Be5 12. O-O Nxf4 13. Bxf4 c5
14. Bxe5 dxe5 15. Nd5 Be6 16. b4 {1-0 Suba,M-Giorgadze,G/Cala Galdana 2001/(53)
}) (8... f5 9. gxf5 gxf5 10. exf5 Bxf5 11. Nge2 Qd7 12. Be3 Nge7 13. Qd2 O-O-O
14. O-O-O Nb4 15. Be4 d5 16. cxd5 Nexd5 17. Nxd5 Nxd5 18. Kb1 Bxe4 19. dxe4
Nxe3 20. Qxe3 Qa4 21. Nc3 {1-0 Gustafsson,J-Lopez Martinez,J/Andorra la Vella
2002/ (54)}) 9. Nf3 (9. Nge2 $6 Qd7 10. Nd5 f5 $36) 9... Qd7 (9... Nd4) 10. Nd5
$1 (10. Bg5 f6 (10... Nd4 $5) 11. Bxh4 O-O-O 12. Nd5 Rf8 13. Bg3 (13. Qe2 f5
14. gxf5 gxf5 15. exf5 Bxf5 $13) 13... f5 $44 14. Ng5 (14. exf5 gxf5 15. gxf5
Bxf5 $44) 14... f4 15. Bh2 Nd4 16. f3 c6 17. Nc3 Bf6 18. Nxe6 Qxe6 19. Bg1 Ne7
$44 {Ribli. 0-1 Davies,N-Vescovi,G/Katrineholm 1995/CBM 49/[Ribli] (37)}) 10...
f5 11. exf5 gxf5 12. Ng5 O-O-O 13. Qa4 $1 fxg4 14. Nxe6 Qxe6 15. Be3 e4 16.
O-O-O $1 exd3 17. Rxd3 $14) 8. f4 {Die übliche Fortsetzung 8.Nge2 ist die
beste Möglichkeit für Weiß. Mit dem Textzug möchte sich Weiß die Entwicklung
des Springers offenhalten; ich glaube jedoch, dass die Partiefortsetzung sehr
riskant für Weiß ist.} (8. Nge2 Qd7 9. Nd5 f5 10. exf5 gxf5 (10... Bxf5) 11.
Bg5 Nd8 12. d4 $5 c6 13. Ne3 $14 {1-0 Seeman,T-Lauk,U/Tallinn 2003/(29)}) (8.
Nf3 Nd4 9. Nxd4 exd4 10. Ne2 Ne7 11. b4 Qc8 12. Rb1 O-O 13. a4 Re8 14. Nf4 {
1-0 Suba,M-Martin Rueda,D/Collado Villalba 2005/(53)}) 8... exf4 (8... Qd7) 9.
gxf4 (9. Bxf4) 9... f5 (9... Qh4+ $5 10. Kf1 O-O-O 11. Nf3 Qe7 12. Be3 f5 $36)
10. Nf3 fxe4 11. Ng5 $5 (11. Nxe4 Qe7) 11... Qd7 12. Nd5 {Weiß muss originell
spielen, sonst behält er die schlechte Stellung mit vielen Felder- und
Bauernschwächen.} O-O-O 13. dxe4 Bd4 (13... Re8) 14. Rb1 (14. Qc2) 14... Re8 (
14... Nge7) 15. b4 Qg7 (15... Nf6) 16. Kf1 Nd8 {Schwarz verläßt das Feld c6
und verhindert b4-b5 mit Tempo. Darüber hinaus kann er auf d5 nehmen.} (16...
Bd7 $5) 17. Rb3 {[%cal Gb3d3]} Bxd5 (17... Ne7) 18. cxd5 Nh6 19. Rd3 Bb6 (19...
Bf6) 20. Bf3 {[%cal Gf1g2] Mit kleinen Zügen verbessert Weiß seine Stellung;
der König kann auf das sichere Feld g2 gelangen.} Rhf8 {[%cal Gf8f1]} 21. Kg2
Qd7 22. a4 a6 23. Qc2 Kb8 24. Bd2 Rg8 25. a5 Ba7 26. Rc1 $1 {[%cal Gc1c7] Weiß
besitzt positionellen Druck auf der c-Linie und kann nun stark Rc3 ziehen.} Re7
(26... Nhf7 27. Nh7 Qe7 28. Rc3 c6 (28... c5 29. bxc5 Bxc5 30. Rxc5 dxc5 31.
Qxc5 Qxc5 32. Rxc5 $18) 29. dxc6 bxc6 30. Rxc6 Nxc6 31. Qxc6 Rc8 32. Qxa6 Rxc1
33. Bxc1 $16) 27. Rc3 Rf8 28. b5 $1 axb5 (28... Qxb5 $4 29. Rxc7 $18) 29. a6 $1
{[%mdl 128] Weiß spielt sehr energisch: er möchte die Linien am Damenflügel
öffnen.} c5 (29... bxa6 30. Qa2 Qc8 31. Ra3) 30. dxc6 (30. axb7 Nxb7 31. Ra3
$18) 30... bxc6 31. Qd3 {Es droht 32.Rxc6 Nxc6 33.Qxb5+ mit entscheidendem
Angriff.} Bc5 32. Be3 {Weiß möchte die starke Verteidigungsfigur tauschen.}
Bxe3 33. Qxe3 Qa7 (33... c5) 34. Qd3 Qc7 {[#]} 35. Rxc6 $1 {Mit diesem Opfer
vernichtet Weiß die Bauernphalanx vor dem schwarzen König.} (35. e5 $5) 35...
Nxc6 36. Qxb5+ Ka7 37. Rxc6 {[%csl Ra7,Gb5,Gc6][%cal Gf3a8] Weiß hat nur einen
Bauern für die Qualität, aber der schwarze König steht sehr angreifbar.} Qb8
38. Qd3 $6 (38. Qe2 $1 $18 {[%cal Re2f2,Rf2a7,Re2e3,Ge4e5]}) 38... Qb2+ 39. Rc2
(39. Kg3 $4 h4+ 40. Kxh4 Qf2#) (39. Kf1 Qa1+) (39. Be2) 39... Qb6 40. Qc3 $5 (
40. Qd5) 40... Rb8 (40... Rxf4 $2 41. Rb2 Qc5 42. Qb3 Rf8 43. Ne6 $18) (40...
Qc5 41. Qd2 Qb6 42. Rb2 Qc5) 41. Qf6 $2 $138 {[%cal Gf6g6,Gf6e7]} (41. Ne6 $1 {
[%cal Ge6d4,Gd4c6]} Rxe6 42. Qg7+ Kxa6 (42... Ka8 43. e5+) 43. Be2+ Ka5 44.
Ra2+ Kb4 45. Qb2+ Kc5 46. Qc3#) 41... Ng8 (41... Rc7 $5 42. Rxc7+ (42. Rd2 d5 {
[%cal Gb6f6]}) 42... Qxc7 43. Qxg6 h4 44. Qh7 Rb2+ 45. Kf1 Qxh7 46. Nxh7 Kxa6)
42. Qxg6 Qd4 43. Ne6 Qd3 44. Rf2 (44. Re2 $1) 44... h4 45. f5 (45. Ng7 Nh6 46.
Qxh6 Rg8) 45... Qc3 $1 46. Qg5 Nf6 $132 {[%cal Rb8g8,Rg8g2]} 47. Qf4 Qe1 48.
Qxd6 $4 {[%mdl 8192] Weiß nimmt den Bauern, aber das verliert sofort.} (48. Rf1
$1 Rg8+ (48... Rb2+ 49. Kg1) 49. Kh2 Qxf1 50. Qe3+ Kb8 (50... Ka8 $2 51. e5+)
51. Qb3+ Kc8 52. Qc2+ Kb8 (52... Kd7 53. Qa4+ $11 (53. Qc7+ Ke8 $19)) 53. Qb3+
$11) 48... Rg8+ $19 {[%csl Rg2][%cal Rg8g2]} 49. Bg4 Qxf2+ $1 (49... Qxf2+ $1
50. Kxf2 Nxe4+ $19 {[%cal Re4f2,Re4d6]}) 0-1

[Event "FIDE World Cup"]
[Site "Khanty-Mansiysk"]
[Date "2005.11.30"]
[Round "2.1"]
[White "Radjabov, Teimour"]
[Black "Kazhgaleyev, Murtas"]
[Result "0-1"]
[WhiteElo "2704"]
[BlackElo "2602"]
[Annotator "Finkel,A"]
[PlyCount "64"]
[EventDate "2005.11.27"]
[EventType "k.o."]
[EventRounds "7"]
[EventCountry "RUS"]
[SourceTitle "CBM 111"]
[Source "ChessBase"]
[SourceDate "2006.04.04"]
[SourceVersion "1"]
[SourceVersionDate "2006.04.04"]
[SourceQuality "1"]

1. e4 e5 2. Nf3 Nc6 3. Bb5 a6 4. Bxc6 dxc6 5. O-O Ne7 $5 {A quite rare
continuation. Much more popular is 5...Qd6 and 5...f6.} 6. Nxe5 Qd4 7. Qh5 g6
8. Qg5 Bg7 (8... Qxe4 $2 9. Qf6 $18) 9. Nd3 f5 (9... Qxe4 10. Re1 h6 11. Qg3
Qd4 12. Qxc7 $16) 10. e5 c5 11. b3 b6 ({Of course Black can't take the rook} 
11... Qxa1 $2 {since after} 12. Nc3 $18 {the queen is trapped on a1.}) 12. Bb2
Qg4 13. Qe3 (13. Qxg4 fxg4 14. Nc3 Bf5 15. Rae1 Bxd3 16. cxd3 O-O-O $44) 13...
Nd5 14. Qe1 Bb7 {White managed to keep the pawn, but his pieces take quite
awkward positions, so it's quite obvious that Black has some compensation for
his minimal material deficit.} (14... Nf4 15. Nxf4 Qxf4 16. Qe3 Qxe3 17. dxe3
Bb7 18. Rd1 Ke7 19. f4 g5 20. c4 $16 {Magem Badals,J-Izeta Txabarri,F/Pamplona
1995}) (14... f4 15. f3 Qg5 16. Nc3 Nxc3 17. Bxc3 Bb7 18. Qe2 O-O 19. a4 a5 20.
Nb2 Rad8 21. Rfe1 Qf5 22. d3 $14 {Hjelm,N-Payen,A/Helsinki 2002}) 15. f3 Qg5
16. Nc3 O-O-O 17. Nxd5 Bxd5 18. Qe2 f4 (18... Rhe8 19. c4 Bc6 20. Bc3 Qe7 21.
a3 Qd7 22. Nf2 Re6 23. b4 $14 {Oral-Stocek/2004}) 19. b4 $5 {A very ambitious
plan aimed to solve the problem of the knight on d3 and get some attacking
chances on the queenside. Some attention deserved} (19. e6 Bxb2 20. Nxb2 Rhe8 (
20... Kb7 $6 21. e7 Rde8 22. Rfe1 h6 23. Qe5 Rh7 24. Qxg5 hxg5 25. Re5 $16) 21.
Qxa6+ Kb8 22. Rae1 Rxe6 23. Rxe6 Bxe6 24. Qe2 $16) 19... c4 20. Nf2 Rhe8 21.
Rfe1 {In some lines White's rook could be very useful on a1, but it was
probably safer to defend on e5 with the second rook.} (21. Rae1) 21... Qe7 22.
a3 Kb8 $6 {It's not the most appropriate timing for the prophylaxis!} (22... g5
$142) 23. d3 cxd3 24. cxd3 $6 ({Once again White had a promising alternative
which led to a significant advantage.} 24. Nxd3 $1 g5 25. a4 h5 26. a5 Bc4 27.
Qe4 Qe6 28. axb6 cxb6 29. h4 $1 $16 {[%csl Rf4]}) 24... g5 25. d4 h5 $6 {
Being 2 pawns down for a distant chance to launch an attack is a bit too much!}
(25... Kb7) 26. Qxa6 g4 27. Qe2 $1 {This move is more accurate than
theimmediate capture on g4.} (27. fxg4 hxg4 28. Nxg4 f3 $44 {[%csl Rg1][%cal
Ge7h4]}) 27... Bf6 $1 {[%cal Gf6h4,Gh4g3]} 28. Ne4 $2 {Ignoring Black's
threats. Of course opening up the lines on the kingside wasn't an easy
decision to make, but it was the right one. After calm} (28. fxg4 $1 hxg4 (
28... Bh4 $6 29. Rf1 Rg8 30. Nd3 Rxg4 31. Nxf4 Bb7 32. d5 $18) 29. Nxg4 Bg5 30.
Nf2 Rh8 {Black has strong play on the kingside, but it's hardly enough to
compensate the lack of 3 pawns.}) 28... Bh4 29. Rf1 Rg8 30. Kh1 $6 {Making the
...Bg3 threat even more dangerous!} Rdf8 $1 $40 (30... Bg3 $2 31. hxg3 fxg3 32.
Nf6 $18) 31. Nd2 $6 (31. a4 Bg3 32. hxg3 fxg3 33. Nxg3 (33. Nf6 Rxf6) 33...
gxf3 34. Rxf3 Rxf3 $5 35. gxf3 Qh4+ 36. Qh2 Bxf3+ $19) 31... Bg3 $1 $19 32.
Rfc1 Qh4 (32... Qh4 33. Nf1 Bxh2 $1 34. Rc3 Rg6 35. Rac1 Rfg8 36. R1c2 gxf3 37.
Rxf3 Rxg2 38. Qxg2 Bxf3 39. Qxf3 Rg1#) 0-1

[Event "FIDE World Cup"]
[Site "Khanty-Mansiysk"]
[Date "2005.12.01"]
[Round "2.2"]
[White "Kazhgaleyev, Murtas"]
[Black "Radjabov, Teimour"]
[Result "0-1"]
[WhiteElo "2602"]
[BlackElo "2704"]
[Annotator "Hazai,L"]
[PlyCount "102"]
[EventDate "2005.11.27"]
[EventType "k.o."]
[EventRounds "7"]
[EventCountry "RUS"]
[SourceTitle "CBM 111"]
[Source "ChessBase"]
[SourceDate "2006.04.04"]
[SourceVersion "1"]
[SourceVersionDate "2006.04.04"]
[SourceQuality "1"]

1. d4 Nf6 2. Nf3 g6 3. c4 Bg7 4. Nc3 d6 5. Bg5 h6 {Black has an original idea
in his mind waiting with castles.} 6. Bh4 g5 7. Bg3 Nh5 {This is the most
direct approach here. Black wants to eliminate White's important B at an
expence of weakening his >> pawns.} 8. e3 e6 {is a flexible, but somehow
passive alternative resembling to some Queen's Indian positions.} (8... c5 {
- Jussupow-Ivanchuk, Dortmund 1998 CBM 66}) (8... Bd7 {- Kotsur-Socko,
Chalkidiki 2002 CBM 92}) 9. Qc2 (9. Be2 Nd7 (9... Nc6 {is the main line of ECO,
but it doesn't look very impressive. The idea is to finish the development
quickly by Bd7 Qe7 and 0-0-0. However this looks rather passive and the K is
not in safety on the << either.} 10. Nd2 Nxg3 11. hxg3 Bd7 (11... Qe7 12. g4 (
12. Bf3 $5) 12... Bd7 13. Nf1 O-O-O 14. Ng3 Rdf8 15. Nh5 f5 $13 {
Doda-Botvinnik, Beverwijk 1959}) 12. Bf3 Qe7 13. Nb5 Kd8 {This game can
possibly improved by White.} 14. Qb3 a5 15. Nc3 Ra7 16. O-O-O a4 17. Qa3 f5 18.
Rde1 Qf6 $13 {Moiseev-Balashov, SU (ch) 1970}) 10. Qd3 (10. Nd2 Nxg3 11. hxg3
O-O 12. Qc2 {/\ 0-0-0 and begin an -> against Black's weakened >>.} f5 13. f4 (
13. g4 $5 {is the other way for creating weaknesses on the >>.} Nf6 14. gxf5
exf5 15. Nf1 (15. O-O-O {(Dancevski-V.Spasov, Skopje 1998)} c6 $5 16. Kb1 {
deserves attention.}) 15... c6 16. Ng3 Qa5 17. a3 f4 18. b4 Qc7 $13 {and after
advancing the << pawns the white K has no safety as well, Maslov-Stein, Moscow
1972.}) 13... c5 {opening up the long /^ for the excellent fianchettoed B.} 14.
O-O-O cxd4 15. exd4 g4 {Black wants to avoid the opening of lines against his
K.} 16. Kb1 (16. Nb3 Nf6 $11 {Antunac-Quinteros, Wijk aan Zee II 1973}) 16...
Nf6 17. Bd3 {White has still a strong [+], which can easily be mobilized.} Bd7
18. d5 exd5 19. Bxf5 Rc8 20. Bxd7 Qxd7 21. Qd3 dxc4 22. Nxc4 $14 {Inkiov-V.
Spasov, Borovetz 2002}) 10... f5 (10... Qe7 11. Nd2 Nxg3 12. hxg3) 11. Nd2 Nxg3
12. hxg3 O-O 13. g4 $1 Nf6 14. gxf5 exf5 15. O-O-O c6 16. f3 {
(Kovacevic-Thipsay, Thessaloniki (ol) 1988 46/777)} a6 17. Nf1 $1 $14 {/\ Ng3
Kovacevic}) (9. Nd2 Nxg3 10. hxg3 c5 {This is logical, if it cannot be refuted
outright because of the weakness on d6.} (10... Nd7 {or}) (10... Qe7 {are
flexible alternatives.}) 11. dxc5 dxc5 12. Nde4 Qxd1+ 13. Rxd1 Nd7 {Black's
strong fianchettoed B may compensate the weaknesses in his P structure.} 14. g4
(14. Be2 $5) 14... Ke7 15. Be2 b6 16. Nd6 Bxc3+ 17. bxc3 {Now White's P
structure is also corrupted.} Nf6 18. Bf3 Rb8 $11 {Smyslov-Quinteros, Dortmund
1986}) (9. Bd3 Qe7 10. Qc2 $5 (10. Rb1 {doesn't look urgent here at all!} Nd7
11. b4 O-O 12. Bc2 {1/2-1/2 Kempinski-Blehm, Warsaw 2001})) 9... Qe7 10. Be2 (
10. Bd3) 10... Nd7 (10... Nc6 {/\ Bd7, 0-0-0 is the other way to finish the
development.} 11. Nd2 Nxg3 12. hxg3 Bd7 13. a3 (13. O-O-O O-O-O 14. g4 $5)
13... O-O-O 14. Bd3 f5 15. b4 {looks dangerous, but the white K is not safe.}
Rdf8 $13 {Borbjerggaard-Cheparinov, Malaga 2003}) 11. Nd2 Nxg3 12. hxg3 c6 (
12... f5 {looks rather risky.} 13. Bh5+ Kf8 14. Be2 Nf6 15. O-O-O Bd7 16. f4
$36 {Dancevski-Socko, Ohrid 2001}) (12... Nf6 {/\ Bd7, 0-0-0 is the natural
way in order to finish the development.} 13. O-O-O Bd7 14. Bf3 (14. g4 $5 O-O-O
) 14... O-O-O 15. Qb3 c6 16. Qa3 Kb8 17. Nb3 {1/2:1/2 Inkiov-V.Dimitrov,
Bulgaria chT 1991}) 13. g4 {White doesn't want to decide immediately about his
K's future.} (13. O-O-O {immediately deserved attention.}) 13... a6 {/\ b5
against 0-0-0} 14. Nde4 {This is a provocative move.} (14. O-O-O b5 {was not
so frightening in view of} 15. Nce4 $1) 14... d5 {Now the P structure has been
changed completely.} 15. Ng3 (15. Nd2 b5 16. cxd5 cxd5 17. Nb3 {fighting on
the << was another strategy.}) 15... Nf6 16. O-O-O b5 17. c5 $6 {Now Black
gets some counterplay in the [+].} (17. cxd5 $1 cxd5 18. Nxb5 $5 {wins a P,
but Black can get some compensation on the b and c files.} (18. Na4 Nd7 19. Nc5
Nxc5 20. Nh5 Bf8) 18... O-O 19. Nc3 Bd7) 17... e5 $1 18. Nf5 (18. Kb1 $5 Nxg4
19. Nh5 {may give some compensation for the P.}) 18... Bxf5 19. Qxf5 Nd7 {
The target is >< d4.} (19... e4 {closes the position even more, it is not easy
for White to find a breakthrough.}) 20. f3 $6 {looks too passive.} (20. Rhe1 $5
) (20. Bf3 $5 O-O-O 21. Bxd5 $5 {deserved attention.}) 20... exd4 (20... b4 21.
Na4) 21. exd4 Nf8 (21... O-O-O 22. Rhe1 Qf6 23. Qxf6 Bxf6 {and >< d4 gives
Black a good counterplay.}) 22. Rhe1 (22. Nxd5 $2 {is not correct in view of}
cxd5 23. Qxd5 Rc8) 22... Ne6 23. Bf1 O-O-O 24. Kb1 Qd7 (24... Qf6 {attacking
>< d4 was also possible.}) 25. Ne2 {White has to defend passively his >< d4,
the B on f1 looks rather hopeless.} Rde8 $15 26. Qd3 Qc7 27. Rc1 {White is
doomed to passivity.} Re7 28. Red1 Rhe8 29. Qd2 Nd8 {It is not so easy to
penetrate the white camp.} 30. Rc3 Ne6 31. Rd3 Nf4 {Black wants to open up the
e <->.} 32. Nxf4 gxf4 33. a4 (33. Ra3 Kb7 34. Qb4 Re3 35. Bd3 {/\ Ra5, a4 ><
b5 creating some counterplay on the <<.}) 33... Re3 34. axb5 axb5 35. Qc3 Bf6
36. Kc2 Qa7 {The opening of the a <-> may backfire.} 37. Qa3 (37. Rxe3 fxe3 38.
Be2 {looked more persistant.}) 37... Qxa3 38. Rxa3 Rxa3 39. bxa3 Kc7 $19 {
The _|_ R and B versus R and opposite coloured B is not drawish at all, even
if the simple R _|_ and ^- _|_ has real drawish tendencies.} 40. Bd3 Ra8 (40...
Bxd4 41. Bxb5 Bxc5 $19) 41. Rh1 Bg5 {Black wants to avoid any counterplay.} (
41... Rxa3 42. Rxh6 Bxd4 43. Rh7) 42. Re1 (42. Kb3 Ra4 $19) 42... Kd8 43. Rd1
Rxa3 (43... Ra4 $19) 44. Kb2 b4 (44... Ra7 $19) 45. Bc2 Rc3 (45... Bf6 $19) 46.
Rd2 (46. Rd3 Bf6 47. Rxc3 Bxd4 48. Kb3 {transposing to a ^- _|_ gave more
practical chances.}) 46... Bf6 47. Bb3 Rxc5 48. Ka2 Rc3 49. Rd1 Ke7 50. Re1+
Re3 51. Rc1 Re2+ 0-1

[Event "FIDE World Cup"]
[Site "Khanty-Mansiysk"]
[Date "2005.12.02"]
[Round "2.3"]
[White "Kazhgaleyev, Murtas"]
[Black "Radjabov, Teimour"]
[Result "0-1"]
[WhiteElo "2602"]
[BlackElo "2704"]
[Annotator "Hazai,L"]
[PlyCount "56"]
[EventDate "2005.11.27"]
[EventType "k.o."]
[EventRounds "7"]
[EventCountry "RUS"]
[SourceTitle "CBM 111"]
[Source "ChessBase"]
[SourceDate "2006.04.04"]
[SourceVersion "1"]
[SourceVersionDate "2006.04.04"]
[SourceQuality "1"]

1. d4 Nf6 2. c4 g6 3. Nc3 Bg7 4. e4 d6 5. h4 $6 {It is hard to believe that
this early flank assault yields to anything, it has a special psichological
effect.} c5 (5... Nbd7 6. Be2 e5 (6... c5 7. d5 b5 8. cxb5 a6 {is the Benko
Gambit type of setup.}) 7. d5 Nc5 (7... h5 8. Nh3) 8. Qc2 h5 (8... a5 9. h5 $14
) 9. b4 Ncd7 10. Rb1 a5 11. a3 axb4 12. axb4 c6 13. Nf3 O-O 14. Bg5 Qc7 15. Nd2
$14 {and White has achived an advantage on the <<, Azmaiparashvili-Radjabov,
Benidorm 2003.}) (5... O-O 6. h5 (6. Be2 {E73}) 6... Nxh5 7. Be2 Nf6 {and the
open h <-> cannot give enough compensation for the P.}) (5... e5 6. dxe5 (6. d5
Na6 $13) 6... dxe5 7. Qxd8+ Kxd8 8. Nf3 Nbd7 9. h5 {and suddenly White makes
profit from his early h4 move!}) 6. d5 e6 (6... b5 7. cxb5 a6 {transposes to a
favourable Benko type of position, where h4 cannot be praized.}) 7. dxe6 (7.
Be2 exd5 8. cxd5 {leads to a good Benoni for Black.} (8. exd5 h5 (8... O-O 9.
h5 Re8) 9. Nf3 O-O 10. O-O Re8 $11)) 7... Bxe6 8. Be2 Nc6 9. Nf3 (9. h5 {
was at least consequent.} Nxh5 10. Bxh5 gxh5 11. Nd5) 9... O-O {Here the h4
move seems to be only a weakening move.} 10. Bf4 {The extra h4 in comparision
to Averbakh main line is not a big achievement, mildly saying...} Re8 11. Bxd6
Qa5 12. O-O (12. Nd2 Rad8 13. e5 Ng4 $36) 12... Rad8 13. e5 (13. a3 Qa6 $17)
13... Ng4 14. Nd5 (14. Qc1 Ngxe5 $17) 14... Bxd5 15. cxd5 Ncxe5 16. Bxe5 Nxe5 {
Despite of the ^- White's position is pathetic, his pawns are weak, pieces
passive.} 17. h5 {White tries to make profit from his weakness.} (17. Nxe5 Bxe5
18. Qb3 Qd2 $17) 17... Ng4 18. hxg6 hxg6 19. Qc2 Qb6 {Black wants to join his
Q to the -> on the >>.} (19... Rxd5 20. Bc4 Rf5) 20. Bc4 Qd6 21. Rfe1 Bd4 22.
Rxe8+ Rxe8 23. Rf1 Kg7 24. Qd2 {Now comes the nice combination...} Re3 $1 {
[%mdl 64] This is the final blow!} 25. Rc1 {otherwise Rxf3! will come.} (25.
fxe3 Bxe3+ $19) 25... Qf4 $1 26. Rd1 Rxf3 $1 27. gxf3 Qg3+ 28. Kf1 Nh2+ 0-1